| 000 | 00929nam a2200277Ia 4500 | ||
|---|---|---|---|
| 003 | IN-BaIIA | ||
| 008 | 211028s9999 xx s 000 0 eng d | ||
| 020 | _a978-3-540-48980-1 (Online) | ||
| 020 | _a978-3-540-65737-8 (Print) | ||
| 022 | _a0075-8450 (Print) | ||
| 022 | _a1616-6361 (Online) | ||
| 040 | _cIIA Library | ||
| 100 |
_aClark, John W., ed. _939845 |
||
| 245 | 0 |
_aScientific Applications of Neural Nets _h[eBook] |
|
| 260 |
_aHeidelberg, Berlin _bSpringer Berlin Heidelberg _c1999 |
||
| 300 | _aOnline resource | ||
| 490 | _aLecture Notes in Physics | ||
| 650 | _a Complex Systems | ||
| 650 |
_a Particle and Nuclear Physics _936177 |
||
| 650 |
_a Statistical Physics and Dynamical Systems _938574 |
||
| 650 |
_aPhysics _973 |
||
| 700 |
_aLindenau, Thomas, ed. _939885 |
||
| 700 |
_aRistig, Manfred L., ed. _939886 |
||
| 856 |
_uhttp://doi.org/10.1007/BFb0104276 _yClick Here to Access eBook |
||
| 942 | _cEB | ||
| 999 |
_c21577 _d21577 |
||